Písmeno "e" všetko zmenilo

Rozvoj online biznisu na Taiwane. Dobré skúsenosti vo využití internetu v oblasti cestovného ruchu. Elektronický predaj nie je jedinou výhodou internetu.

Na minha lista:
Detalhes bibliográficos
Autor principal: Čapková, Miroslava
Formato: Capítulo de Livro
Idioma:eslovaco
Assuntos:
Tags: Adicionar Tag
Sem tags, seja o primeiro a adicionar uma tag!

MARC

LEADER 00000naa a2200000 4500
001 r048661
005 20231002114913.3
041 0 |a slo 
044 |a SK 
245 1 0 |a Písmeno "e" všetko zmenilo  |c Miroslava Čapková 
520 |a Rozvoj online biznisu na Taiwane. Dobré skúsenosti vo využití internetu v oblasti cestovného ruchu. Elektronický predaj nie je jedinou výhodou internetu. 
610 2 0 |a obchod elektronický 
610 2 0 |a internet 
610 2 0 |a predaj 
610 2 0 |a tovar 
610 2 0 |a ruch cestovný 
610 2 0 |a svet 
100 1 |a Čapková, Miroslava